Normal view MARC view

Entry Uniform Title

Number of records used in: 2

001 - CONTROL NUMBER

  • control field: 53516

003 - CONTROL NUMBER IDENTIFIER

  • control field: dpl

005 - DATE AND TIME OF LATEST TRANSACTION

  • control field: 20121102121238.0

008 - FIXED-LENGTH DATA ELEMENTS

  • fixed length control field: 121102|||a|||||| | ||| d

040 ## - CATALOGING SOURCE

  • Original cataloging agency: dpl
  • Transcribing agency: dpl

130 ## - HEADING--UNIFORM TITLE

  • Uniform title: Zac power:
  • Form subdivision: 24 hours to save the world...and put out the rubbish

670 ## - SOURCE DATA FOUND

  • Source citation: Work cat.: (dpl)60319: Larry, H.I. 53515, Mind games /, 2010

670 ## - SOURCE DATA FOUND

  • Source citation: Work cat.: (dpl)60319: Larry, H.I. 53515, Mind games /, 2010

© Delhi Public Library
Hit Counter
free hit counter